000 00983nam a22002777a 4500
999 _c52677
_d52677
005 20251125233024.0
008 s2007 eng d
020 _a9783598220333
040 _aNALT
041 _aeng
086 _aIFLA 01 7.1 025.1 2007
100 0 _aPeter te Boekhorst
110 0 _aInternational Federation of Library Associations and Institutions
245 1 0 _aMeasuring quality : Performance measurement in libraries 2nd revised edition
260 3 _aMunchen :
_bK.G.Saur,
_c2007
300 _a269 p. :
_btable ;
_c21.5 cm.
610 _aInternational Federation of Library Associations and Institutions
650 0 4 _aLibrary -- Measwe ment
650 0 4 _aLibrary -- Measuring quality
650 0 4 _aLibrary administration
650 0 4 _aLibrary administrationLibrary -- Measuring qualityLibrary -- Measwe ment
700 0 _aPeter te Boekhorst
850 _aNALT
856 4 0 _uhttps://hdl.handle.net/20.500.14156/457361
_71
942 _cGB
_2lcc